Responses for show #7744 - Thursday, April 19, 2018

2018 College Championship final game 1.

Contestants

Dhruv Gaur, a freshman at Brown University from Gainesville, Georgia

Hannah Sage, a sophomore at the University of Central Florida from Sarasota, Florida

William Scott, a freshman at Tufts University from Los Altos, California

Jeopardy! Round responses

YOU KIDS & YOUR MUSIC THESE DAYS
MYTH-POURRI
KILLER APPS
SNIPPETS FROM MY COMMENCEMENT ADDRESS
GETTING HISTORICAL
UNBEATABLE WORDS
(Alex: Each correct response will be a shorter word composed of the letters in the word "unbeatable".)
    $200 4
Pink

William
    $200 13
Odin

Hannah
    $200 17
Instagram

William
    $200 22
colonies

Dhruv
    $200 1
a bleat

Dhruv
    $400 5
Bruno Mars

Dhruv
    $400 14
a coyote

Dhruv
    $400 18
a bicycle

William
    $400 27
Mandela

Dhruv
    $400 3
(Dhruv: What is... a steal?)

a bunt

WilliamDhruv
    $600 9
Portugal. The Man

Dhruv
    $600 16
Coca-Cola

William
    $600 15
Tinder

Hannah
    $600 23
(Jennifer) Lopez

Dhruv
    $600 8
the frontier

William
    $600 19
(Alex: If you've got time to [*], then you've got time to clean.)

lean

Triple Stumper
    $800 12
Alessia Cara

Hannah
    $800 6
an airline

Dhruv
    $800 7
TaskRabbit

Triple Stumper
    $800 25
the Mississippi

Dhruv
    $800 2
(Alex: In ancient Egypt.)

mummification

William
    $800 20
enable

William
    $1000 11
Shawn Mendes

Hannah
    $1000 10
Minerva

William
    $1000 26
StubHub

Dhruv
    $1000 28
[The end-of-round signal sounds.]

Oliver Cromwell

Triple Stumper
    $2,800 24
(Alex: Less than a minute now.)

Seoul

Dhruv
    $1000 21
bateau

Hannah

Scores at the first commercial break (after clue 15):

William Hannah Dhruv
$3,000 $2,600 $2,000

Scores at the end of the Jeopardy! Round:

William Hannah Dhruv
$5,000 $3,600 $7,800

Double Jeopardy! Round responses

FICTIONAL STUDENTS
FAMOUS PAIRS' OTHER NAMES
WORLD PLAYS
STRAIGHT "A"s IN SCIENCE
GOING UNDERGROUND
ALLITERATION
    $400 1
Me and Earl and the Dying Girl

Triple Stumper
    $400 22
Lewis and Clark

William
    $400 10
Waiting for Godot

William
    $400 8
aerobic

William
    $400 28
Seattle

William
    $400 14
the sweet spot

Dhruv
    $800 2
Starfleet Academy

Hannah
    $800 21
Bonnie and Clyde

Hannah
    $800 11
Agatha Christie

William
    $800 7
an anode

Hannah
    $800 30
the sewers

Hannah
    $800 19
the gift of gab

Hannah
    $1200 3
The Perks of Being a Wallflower

Dhruv
    $1200 16
Ben & Jerry

Dhruv
    $1200 9
(Anton) Chekhov

William
    $1200 6
Archimedes

Hannah
    $1200 26
Lenin

Dhruv
    $1200 18
whistle while you work

Hannah
    $1600 24
Rushmore

Triple Stumper
    $1600 15
Barnum & Bailey

Hannah
    $6,000 12
Medea

William
    $3,000 4
antibodies

Dhruv
    $1600 27
the Carlsbad Caverns

Dhruv
    $1600 17
perfect pitch

Dhruv
    $2000 25
(Alex: With less than a minute to go.)

the Chocolate War

Dhruv
    $2000 23
Gilbert and Sullivan

Hannah
    $2000 13
Spring Awakening

Triple Stumper
    $2000 5
(Dhruv: What is the altitude?)

amplitude

HannahDhruv
    $2000 29
catacombs

William
    $2000 20
a finder's fee

Triple Stumper

Scores at the end of the Double Jeopardy! Round:

William Hannah Dhruv
$16,600 $15,600 $18,000

Final Jeopardy! Round responses

U.S. HISTORIC SITES
HannahWhat is the Lincoln Memorial?
$8,000
WilliamWhat is the Gettysburg memorial?
$16,600
DhruvWhat is Gettysburg? Tomb of the unknown se
$9,000
Arlington National Cemetery

Final scores:

William Hannah Dhruv
$0 $7,600 $9,000

Game dynamics:

Coryat scores:

William Hannah Dhruv
$12,200 $15,600 $14,800
17 R
(including 1 DD),
0 W
15 R,
0 W
19 R
(including 2 DDs),
2 W

Combined Coryat: $42,600

The J! Archive is created by fans, for fans. The Jeopardy! game show and all elements thereof, including but not limited to copyright and trademark thereto, are the property of Jeopardy Productions, Inc. and are protected under law. This website is not affiliated with, sponsored by, or operated by Jeopardy Productions, Inc. Join the discussion at JBoard.tv.